Statistiques concernant La Réunion

Cliquez ici pour prendre le quiz!

Statistiques générales

  • Ce quiz a été pris 286 fois
  • Le résultat moyen est 18 sur 25

Statistiques - réponses

QuestionRéponse% Correct
monnaieeuro
96%
dans quel océan se situe-t-elleIndien
96%
grande île située à l'ouest à 700 kmMadagascar
96%
pays de rattachement de l'îleFrance
93%
île voisine située au nord est à 170 kmMaurice
93%
nom des habitantsRéunionnais
90%
à quel continent est-elle rattachéeAfrique
89%
chef lieuSaint-Denis
87%
on le boit souvent "arrangé"rhum
82%
comment se nommait l'île autrefoisBourbon
81%
nom du volcan très actif situé au S.E de l'îlepiton de la Fournaise
81%
nom du point culminant à 3071 mètrespiton des neiges
79%
superficie en km2 : 2512 - 3125 ou 41282512
77%
ses orchidées produisent des gousses de qualité de ...vanille
75%
aéroport qui porte le nom d'un célébre aviateur né dans l'îleRoland Garros
73%
"le paille en queue" est l'emblème de l'île, c'est un ...oiseau
72%
danse inscrite au patrimoine mondial de l'Humanitémaloya
62%
appelé "fruit de Noël"letchi
61%
dans quel archipel est-elle situéeMascareignes
61%
poète ayant séjourné dans l'île- auteur des Fleurs du malBaudelaire
59%
premier secteur économiquetourisme
58%
langues parlées (2)français - créole
49%
son surnom actuell'ile intense
25%
mot créole désignant un metropolitainzorey
23%
nom des vents soufflant d'est en ouestalizés
15%

Distribution des résultats

Percentile par nombre de réponses

% des personnes avec chaque résultat

Votre développement - résultats

Vous n’avez pas pris ce quiz